Carthage Or the Empire of Africa (Record no. 2211)

MARC details
000 -LEADER
fixed length control field 00579nam a2200241 a 4500
020 ## - INTERNATIONAL STANDARD BOOK NUMBER
ISBN
082 00 - DEWEY DECIMAL CLASSIFICATION NUMBER
Classification number 939.73
Author Cutter CHU
100 ## - MAIN ENTRY--AUTHOR NAME
Author name Church, A J
245 ## - TITLE STATEMENT
Title Carthage Or the Empire of Africa
260 ## - PUBLICATION, DISTRIBUTION, ETC. (IMPRINT)
Place of publication London
Name of publisher G.P. Putnam`s Sons
Year of publication 1891
300 ## - PHYSICAL DESCRIPTION
Number of Pages 309p
500 ## - GENERAL NOTE
General note includes index and biblioraphy
505 2# - FORMATTED CONTENTS NOTE
Formatted contents note Index, Illus
650 ## - SUBJECT ADDED ENTRY--TOPICAL TERM
Topical Term Carthage-History
942 ## - ADDED ENTRY ELEMENTS (KOHA)
Koha item type Books
700 1# -
-- Church, A J
Holdings
Home library Current library Date acquired Cost, normal purchase price Full call number Accession Number Koha item type
Henry Martyn Institute Library Henry Martyn Institute Library 09/26/2008 100.00 939.73 CHU 448 Archive Book
                   Copyright © 2026 | Henry Martyn Institute | Hyderabad | TS-500052 | INDIA | Implemented by hmi.edu.in
Hit-Count:

Powered by Koha